000 01284cam a2200349Mi 4500
005 20180312143026.0
008 141027s2013 sp ao frb 001 0 spa d
020 _a9788436251234
020 _a9788436251616
040 _aCO-BoUCM
_bspa
_cJose A. Gerena
_dJose A. Gerena
041 0 _aspa
245 0 0 _aEcología
_cConsuelo Escolástico León...[y otros]
260 _aMadrid (España)
_bUniversidad Nacional de Educación a Discancia
_c2005
300 _avolúmenes
_bilustraciones, fotografías
490 _aCiencias ambientales
490 _aUnidades didácticas
504 _aIncluye referencias bibliográficas e índices
505 _gV.1
_tintroducción, organismos y poblaciones .
505 _gV.2
_tComunidades y ecosistemas.
650 7 _aEcología
_913631
650 7 _aBiología de población
_910124
650 7 _aAdaptación (Biología)
_98502
650 7 _aSimbiosis
_924413
650 7 _aEcosistemas
_913726
650 7 _aMedio ambiente
_919225
690 _942755
_aCiencias naturales
700 1 _aEscolástico León, Consuelo
_965573
700 1 _aCabildo Miranda, Ma. del Pilar
_965574
700 1 _aClaramunt Vallespí, Rosa Ma.
_965575
942 _2DEWEY
_a25
_cLIBRO
_e1
_h574.5248
_mE193
_n0
999 _c297119
_d297119